[Event "CAN-ch U12"]
[Site "Ottawa"]
[Date "2007.07.04"]
[Round "4"]
[White "Lampi, Billy"]
[Black "Seguin, Ryan"]
[Result "0-1"]
[WhiteElo "1181"]
[BlackElo "1323"]
[PlyCount "56"]
[EventDate "2007.07.03"]
[EventType "swiss"]
[EventRounds "7"]
[EventCountry "CAN"]
[SourceTitle "EXT 2022"]
[Source "ChessBase"]
[SourceDate "2021.10.06"]
[SourceVersion "1"]
[SourceVersionDate "2021.10.06"]
[SourceQuality "1"]

1. e3 e5 2. Ne2 Nc6 3. d3 d5 4. Nd2 Nf6 5. b3 Bd6 6. Bb2 0-0 7. g3 b5 8. Bg2 Ba6 9. 0-0 Qe8 10. Kh1 Bb7 11. Rg1 Bc5 12. d4 exd4 13. Nf4 dxe3 14. Bxf6 gxf6 15. Nxd5 Qd8 16. Nxf6+ Qxf6 17. Ne4 Qe7 18. Nxc5 Qxc5 19. Be4 exf2 20. Rf1 Rae8 21. Qg4+ Kh8 22. Bf5 Ne5+ 23. Be4 Nxg4 24. Bxb7 Re1 25. Raxe1 fxe1Q 26. Rxe1 Qf2 27. Bg2 Qxe1+ 28. Bf1 Qxf1# 0-1